000 00494nam a2200157 i 4500
001 60392
003 ES-MaACL
005 20230906164226.0
007 t|
008 031104s1972 sp ||||1| spa d
100 1 _aEsquerda Bifet, Juan.
_947962
245 1 3 _aLa distribución del clero-Teología-Pastoral Derecho /
_cJuan Esquerda Bifet.
260 _aBurgos :
_b[Facultad Teológica del Norte de España,
_c1972]
300 _aXVIII, 191 p. ;
_c25 cm.
852 _aES-MaACL
_jC-43448
_bR.82369
999 _c60392
_d60392